Les plus gros partenaires commerciaux - Le monde entier - Statistiques

Statistiques générales
  • Ce quiz a été pris 547 fois
  • Le résultat moyen est 19 sur 22
Statistiques - réponses
exportations importations pays % Correct
2614 md 2135 md Chine
100%
1453 md 2250 md Etats-Unis
100%
489 md 561 md France
99%
645 md 607 md Japon
98%
1341 md 1061 md Allemagne
97%
260 md 357 md Inde
96%
462 md 405 md Italie
96%
282 md 303 md Espagne
95%
416 md 636 md Royaume-Uni
94%
285 md Russie
94%
374 md 387 md Mexique
93%
389 md 403 md Canada
92%
495 md 406 md Corée du Sud
91%
569 md 504 md Pays-Bas
83%
199 md Turquie
82%
398 md 373 md Belgique
76%
305 md 269 md Suisse
74%
330 md 283 md Singapour
69%
280 md 231 md Taïwan
65%
214 md Thaïlande
65%
207 md Émirats arabes unis
61%
215 md 200 md Viêt Nam
57%
Aucun quiz correspondant
Distribution des résultats
% des personnes avec chaque résultat
Percentile par nombre de réponses
Votre historique - résultats
Vous n’avez pas pris ce quiz